Gotas que agrietan la roca (Record no. 3184)

MARC details
000 -LEADER
campo de control de longitud fija 01302nam a2200277Ia 4500
003 - IDENTIFICADOR DE NÚMERO DE CONTROL
campo de control CO-BoRNBP
005 - FECHA Y HORA DE LA ÚLTIMA TRANSACCIÓN
campo de control 20230901143859.0
008 - DATOS DE LONGITUD FIJA--INFORMACIÓN GENERAL
campo de control de longitud fija 161213s2016 ck a g 000 0 spa
020 ## - NÚMERO INTERNACIONAL ESTÁNDAR DEL LIBRO
Número Internacional Estándar del Libro 9789586654050
040 ## - FUENTE DE CATALOGACIÓN
Centro catalogador/agencia de origen CO-BoRNBP
Lengua de catalogación spa
Normas de descripción rda
Centro/agencia transcriptor CO-BoRNBP
082 04 - NÚMERO DE LA CLASIFICACIÓN DECIMAL DEWEY
Número de clasificación 303.609861 G683g
Número de edición 22
245 #0 - MENCIÓN DEL TÍTULO
Título Gotas que agrietan la roca
Resto del título crónicas, entrevistas y diálogos sobre territorios, acceso a la justicia y derechos fundamentales
Mención de responsabilidad, etc. prólogo de José Saramago ; dirección de Héctor Arenas Amorocho y Antonio Girón Serrano
250 ## - MENCION DE EDICION
Mención de edición Edición especial
264 ## - PRODUCCIÓN, PUBLICACIÓN, DISTRIBUCIÓN, FABRICACIÓN Y COPYRIGHT
Producción, publicación, distribución, fabricación y copyright Bogotá
Nombre del de productor, editor, distribuidor, fabricante Siglo del Hombre
Fecha de producción, publicación, distribución, fabricación o copyright 2016
300 ## - DESCRIPCIÓN FÍSICA
Extensión 365 páginas
Otras características físicas fotografías en blanco y negro
Dimensiones 24 cm
Material acompañante/anejo [OBSOLETO, CAN/MARC] 1 DVD
336 ## - TIPO DE CONTENIDO
Término de tipo de contenido texto
Código de tipo de contenido txt
Fuente rdacontent
337 ## - TIPO DE MEDIO
Nombre/término del tipo de medio sin mediación
Código del tipo de medio n
Fuente rdamedia
338 ## - TIPO DE SOPORTE
Nombre/término del tipo de soporte volumen
Código del tipo de soporte nc
Fuente rdacarrier
490 ## - MENCIÓN DE SERIE
Mención de serie Plan Nacional de Lectura y Escritura Leer es mi Cuento. 2016
500 ## - NOTA GENERAL
Nota general Incluye DVD con film Gotas que agrietan la roca. Mejor Documental Festival Internacional Cine y Derechos Humanos Bogotá 2013
650 14 - PUNTO DE ACCESO ADICIONAL DE MATERIA--TÉRMINO DE MATERIA
Fuente del encabezamiento o término LEMB
Término de materia o nombre geográfico como elemento de entrada Conflicto armado
Subdivisión general Aspectos sociales
Subdivisión geográfica Colombia
9 (RLIN) 4361
650 14 - PUNTO DE ACCESO ADICIONAL DE MATERIA--TÉRMINO DE MATERIA
Fuente del encabezamiento o término LEMB
Término de materia o nombre geográfico como elemento de entrada Violencia
Subdivisión general Aspectos sociales
Subdivisión geográfica Colombia
9 (RLIN) 24352
650 14 - PUNTO DE ACCESO ADICIONAL DE MATERIA--TÉRMINO DE MATERIA
Fuente del encabezamiento o término LEMB
Término de materia o nombre geográfico como elemento de entrada Conflictos sociales
Subdivisión general Aspectos sociales
Subdivisión geográfica Colombia
9 (RLIN) 85610
700 1# - ENTRADA AGREGADA--NOMBRE PERSONAL
Nombre de persona Arenas Amorocho, Héctor
9 (RLIN) 85611
942 ## - ELEMENTOS DE ENTRADA SECUNDARIOS (KOHA)
Fuente del sistema de clasificación o colocación Clasificación Decimal Dewey
Tipo de ítem Koha Libros
Holdings
Estatus retirado Estado de pérdida Fuente del sistema de clasificación o colocación Estado de daño No para préstamo Biblioteca de origen Biblioteca actual Fecha de adquisición Total de préstamos Signatura topográfica completa Código de barras Visto por última vez Copia número Precio de reemplazo Tipo de ítem Koha Colección Ubicación en estantería
    Clasificación Decimal Dewey     BIBLIOTECA HUGO ANGEL JARAMILLO BIBLIOTECA HUGO ANGEL JARAMILLO 25/06/2025   303.6 G67 61874 25/06/2025 Ej. 1 25/06/2025 Libros General Colección general
    Clasificación Decimal Dewey     BIBLIOTECA PÚBLICA MUNICIPAL RAMON CORREA MEJIA BIBLIOTECA PÚBLICA MUNICIPAL RAMON CORREA MEJIA 01/09/2023   303.609861 G683g 38821 01/09/2023 Ej.1 01/09/2023 Libros    
    Clasificación Decimal Dewey     BIBLIOTECA PÚBLICA MUNICIPAL RAMON CORREA MEJIA BIBLIOTECA PÚBLICA MUNICIPAL RAMON CORREA MEJIA 01/09/2023   303.609861 G683g 47094 01/09/2023 Ej.2 01/09/2023 Libros    

Powered by Koha